Malá encyklopedie lesnictví : stručný přehled lesnictví pro potřebu praxe. Díl 1 /

Další autoři: Šiman, Karel, 1882-1957, Frič, Jan, 1883-1971
Jazyk: Čeština
Vydáno: Písek : Československá matice lesnická, 1946
Edice: Knihovna Československé Matice lesnické
Fyzický popis: 819, [10] s.
Knihy
Uloženo v:
LEADER 00914nam a22002412a 4500
001 000280076
003 CZ BrMZK
005 20110901085616.0
007 ta
008 980105s1946 xr f cze d
040 |a BOA001  |b cze 
245 0 0 |a Malá encyklopedie lesnictví :  |b stručný přehled lesnictví pro potřebu praxe.  |n Díl 1 /  |c Karel Šiman, Jan Frič, ... [et al.] 
260 |a Písek :  |b Československá matice lesnická,  |c 1946 
300 |a 819, [10] s. 
490 1 |a Knihovna Československé Matice lesnické ;  |v sv. 32 
500 |a V tir. rok vyd. 1946-1947 
700 1 |a Šiman, Karel,  |d 1882-1957  |7 jk01122994  |4 aut 
700 1 |a Frič, Jan,  |d 1883-1971  |7 jk01031873  |4 aut 
830 0 |a Knihovna Československé Matice lesnické 
910 |a BOA001  |b 2-0070.523,32 
990 |a BK 
991 |b 201108 
996 7 |b 2619875037  |c 2-0070.523,32  |l MZK  |r Sklad / do 24 hodin  |n 7  |w 000280076  |u 000010  |a 1  |e BOA001  |j MZK50  |s A